| 000 | 00553nam a22002057a 4500 | ||
|---|---|---|---|
| 003 | OSt | ||
| 005 | 20170120191707.0 | ||
| 008 | 160413b xxu||||| |||| 00| 0 eng d | ||
| 020 | _a0749429178 | ||
| 040 | _cDDC. | ||
| 082 | _a658.8HAG 1999. | ||
| 100 |
_aHague,Paul;Jackson,Peter; _97814 |
||
| 245 | _aMarket Research: a guide to Planning,Methodology and Evaluation. | ||
| 250 | _a2nd ed. | ||
| 260 |
_aLondon. _bKogan page. _c1999. |
||
| 300 |
_a239p; _bill; _c22cm. |
||
| 504 | _aincludes index. | ||
| 650 |
_aMarketing. _9518 |
||
| 942 |
_2ddc _cSLOAN |
||
| 999 |
_c3495 _d3495 |
||